000 00612nam a2200217 a 4500
005 20240924065327.0
008 991125s1966 mx 000 0 spa u
035 _aUPN01000005098
040 _aUPN
_bspa
_cUPN
049 _aF
050 4 _aLB7
_bF6.3 no.12
100 1 _aLatapí, Pablo,
_d1927-2009
_928858
245 1 3 _aLa autonomía universitaria /
_cPablo Latapí.
260 _aMéxico :
_bCEE,
_c1966.
300 _a15 p.
440 0 _aFolleto de divulgación ;
_v12
650 2 _aAutonomía universitaria
_93802
650 4 _aEducación superior
_zMéxico
_94968
905 _aLibro
942 _2lcc
_cLIBRO
999 _c5098
_d5098